[Event "TUR Cup"]
[Site "Adapazari"]
[Date "2022.03.31"]
[Round "10"]
[White "Isilak, Enes"]
[Black "Gok, Emre"]
[Result "1-0"]
[WhiteElo "2125"]
[BlackElo "1745"]
[PlyCount "82"]
[EventDate "2022.03.25"]
[EventType "swiss"]
[EventRounds "11"]
[EventCountry "TUR"]
[SourceTitle "EXT 2023"]
[Source "ChessBase"]
[SourceDate "2022.10.05"]
[SourceVersion "1"]
[SourceVersionDate "2022.10.05"]
[SourceQuality "1"]

1. d4 d5 2. c4 e6 3. Nf3 c6 4. Qc2 f5 5. e3 Nf6 6. Bd3 Bd6 7. 0-0 0-0 8. b3 Qe7 9. Bb2 Ne4 10. Nc3 Nd7 11. Ne2 Rf6 12. Ne5 Rh6 13. g3 Qe8 14. f3 Ng5 15. h4 Nf7 16. Nxf7 Qxf7 17. e4 Bxg3 18. Nxg3 f4 19. Nh1 Rxh4 20. Rf2 Qh5 21. Rh2 Rxh2 22. Qxh2 Qxf3 23. Nf2 Nf6 24. e5 Nh5 25. Qh3 Qxh3 26. Nxh3 Bd7 27. Rf1 Rf8 28. Ba3 Ra8 29. Nxf4 Nxf4 30. Rxf4 a5 31. Bd6 a4 32. Kf2 axb3 33. axb3 g6 34. Ke3 Kg7 35. Rf6 Rc8 36. Be2 Re8 37. Bg4 h5 38. Be2 Ra8 39. Bd3 Be8 40. Rxe6 Bf7 41. Re7 Re8 1-0

[Event "TUR Cup"]
[Site "Adapazari"]
[Date "2022.03.28"]
[Round "5"]
[White "Gok, Emre"]
[Black "Bacak, Muhammed Kaan"]
[Result "1/2-1/2"]
[WhiteElo "1745"]
[BlackElo "2137"]
[PlyCount "118"]
[EventDate "2022.03.25"]
[EventType "swiss"]
[EventRounds "11"]
[EventCountry "TUR"]
[SourceTitle "EXT 2023"]
[Source "ChessBase"]
[SourceDate "2022.10.05"]
[SourceVersion "1"]
[SourceVersionDate "2022.10.05"]
[SourceQuality "1"]

1. b3 Nf6 2. Bb2 g6 3. Nf3 Bg7 4. d4 d6 5. e3 0-0 6. c4 e5 7. dxe5 Nfd7 8. Be2 Nc6 9. 0-0 Ndxe5 10. Nc3 Bd7 11. Qd2 Re8 12. Nd5 a5 13. Rfd1 a4 14. Nxe5 Nxe5 15. f4 a3 16. Bc3 Nc6 17. Bxg7 Kxg7 18. Qc3+ f6 19. Bf3 Be6 20. Rac1 Rf8 21. e4 Ne7 22. e5 Bxd5 23. cxd5 Rc8 24. Bg4 Nf5 25. Bxf5 gxf5 26. e6 Qe7 27. Qd3 c6 28. Qxf5 cxd5 29. Qxd5 Rxc1 30. Rxc1 f5 31. Rd1 Rf6 32. Re1 h5 33. Re3 h4 34. b4 b5 35. Kf2 Kh6 36. g4 hxg3+ 37. hxg3 Kg7 38. g4 Rh6 39. g5 Rh2+ 40. Kg3 Qa7 41. Qb3 Rh1 42. Qc3+ Kh7 43. e7 Qa8 44. Rf3 Qe4 45. g6+ Kxg6 46. Qe3 Re1 47. Qxe4 Rxe4 48. Rxa3 Rxe7 49. Ra6 Re3+ 50. Kf2 Re4 51. Rxd6+ Kh5 52. a3 Rxf4+ 53. Ke3 Rh4 54. Rd5 Kg5 55. Rxb5 Rh3+ 56. Ke2 Rxa3 57. Rb8 Kf4 58. b5 Ra2+ 59. Kd3 Rb2 1/2-1/2

[Event "TUR Cup"]
[Site "Adapazari"]
[Date "2022.03.25"]
[Round "1"]
[White "Gok, Emre"]
[Black "Turkucu, Eyup"]
[Result "1-0"]
[WhiteElo "1745"]
[BlackElo "1144"]
[PlyCount "41"]
[EventDate "2022.03.25"]
[EventType "swiss"]
[EventRounds "11"]
[EventCountry "TUR"]
[SourceTitle "EXT 2023"]
[Source "ChessBase"]
[SourceDate "2022.10.05"]
[SourceVersion "1"]
[SourceVersionDate "2022.10.05"]
[SourceQuality "1"]

1. e4 d6 2. d4 Nf6 3. f3 g6 4. Be3 Bg7 5. Nc3 c6 6. Qd2 h6 7. 0-0-0 Nbd7 8. h4 Qc7 9. Nh3 e5 10. dxe5 dxe5 11. g4 Ng8 12. Be2 b5 13. Kb1 Nb6 14. Bxb5 a6 15. Bxc6+ Bd7 16. Bxb6 Qxc6 17. Nd5 Rc8 18. g5 h5 19. Nf2 Be6 20. Nc7+ Rxc7 21. Qd8# 1-0

[Event "TUR-chT2"]
[Site "Konya"]
[Date "2018.07.11"]
[Round "2.11"]
[White "Salman, Ilhan Serhat"]
[Black "Gok, Emre"]
[Result "1/2-1/2"]
[WhiteElo "1959"]
[BlackElo "1799"]
[PlyCount "107"]
[EventDate "2018.07.10"]
[EventType "team-swiss"]
[EventRounds "9"]
[EventCountry "TUR"]
[SourceTitle "EXT 2019"]
[Source "ChessBase"]
[SourceDate "2018.10.10"]
[SourceVersion "1"]
[SourceVersionDate "2018.10.10"]
[SourceQuality "1"]
[WhiteTeam "Duzce Duzcespor"]
[BlackTeam "Sakarya Buyuksehir"]
[WhiteTeamCountry "TUR"]
[BlackTeamCountry "TUR"]

1. d4 f5 2. e4 fxe4 3. Nc3 Nf6 4. Bg5 c6 5. Bxf6 exf6 6. Nxe4 d5 7. Ng3 Bd6 8. Bd3 Qe7+ 9. Qe2 Qxe2+ 10. N1xe2 0-0 11. 0-0-0 f5 12. Ng1 f4 13. Nf1 Bf5 14. Bxf5 Rxf5 15. Nf3 Nd7 16. N1d2 Re8 17. Rhe1 Rff8 18. h3 Nf6 19. c3 Ne4 20. Re2 Re7 21. Rde1 Rfe8 22. Nxe4 dxe4 23. Nd2 e3 24. fxe3 Rxe3 25. Kd1 Rxe2 26. Rxe2 Rxe2 27. Kxe2 Kf7 28. Kf3 Kg6 29. Ne4 Bc7 30. Nc5 Kf5 31. Nxb7 g5 32. Nc5 h5 33. Nd3 g4+ 34. hxg4+ hxg4+ 35. Ke2 Bd6 36. Nf2 Be7 37. Nd3 Bd6 38. Nf2 Be7 39. a4 Bd6 40. b4 Be7 41. Nd3 Bd6 42. Nb2 Ke4 43. Nc4 f3+ 44. gxf3+ gxf3+ 45. Kf2 Bf4 46. Ne5 Bd2 47. Nxf3 Bxc3 48. b5 cxb5 49. axb5 Bxd4+ 50. Nxd4 Kxd4 51. Ke2 Kc4 52. Kd2 Kxb5 53. Kc2 Ka4 54. Kb2 1/2-1/2

[Event "TUR-chT2"]
[Site "Konya"]
[Date "2017.07.12"]
[Round "6.5"]
[White "Oguz, Huseyin"]
[Black "Gok, Emre"]
[Result "1-0"]
[WhiteElo "1726"]
[BlackElo "1783"]
[PlyCount "109"]
[EventDate "2017.07.09"]
[EventType "team-swiss"]
[EventRounds "9"]
[EventCountry "TUR"]
[SourceTitle "CBM 179 Extra"]
[Source "ChessBase"]
[SourceDate "2017.08.23"]
[SourceVersion "1"]
[SourceVersionDate "2017.08.23"]
[SourceQuality "1"]
[WhiteTeam "Masal Diyari"]
[BlackTeam "Sakarya Buyuksehir"]
[WhiteTeamCountry "TUR"]
[BlackTeamCountry "TUR"]

1. d4 Nf6 2. c4 e6 3. Nf3 b6 4. g3 Ba6 5. b3 Bb4+ 6. Bd2 Be7 7. Bg2 c6 8. 0-0 d5 9. cxd5 cxd5 10. Ne5 Nfd7 11. Nxd7 Qxd7 12. a4 Nc6 13. Bc3 0-0 14. Qd2 Na5 15. Qb2 Rac8 16. Na3 Bxe2 17. Rfc1 Ba6 18. Nc2 Nc6 19. b4 Bd3 20. b5 Na5 21. Bxa5 bxa5 22. Ne1 Bf5 23. Nf3 f6 24. Nd2 Bb4 25. Nb3 Qd6 26. Rxc8 Rxc8 27. Rc1 Rc4 28. Bf1 Ba3 29. Qa1 Bxc1 30. Bxc4 dxc4 31. Nxc1 Qd5 32. Qc3 Bh3 33. f3 e5 34. Ne2 Bf5 35. Kf2 Bd3 36. dxe5 Qxe5 37. Nd4 Qc5 38. Ke3 Kf7 39. Kd2 Qb6 40. Qa1 a6 41. Kc3 Qc5 42. Qb2 axb5 43. axb5 a4 44. Qb4 Qxb4+ 45. Kxb4 Ke7 46. Kxa4 Kd6 47. Kb4 Bf1 48. Nf5+ Ke5 49. b6 c3 50. b7 c2 51. b8Q+ Kxf5 52. Qc8+ Kg5 53. Qxc2 Bh3 54. Qxh7 Bf5 55. h4# 1-0